000 00598nam a2200205Ia 4500
005 20250508170031.0
008 008 250505s9999 xx 000 0 eng d
037 _aTextual
040 _aFEDL
_beng
_cFEDL
041 _aeng
_2eng
084 _a510.7, CEN
_qFEDL
245 0 _aFormative assessment manual for teachers: Mathematics, Class- 9
245 0 _cCBSE (New Delhi India)
260 _aNew Delhi, India
_bCBSE
_c2010
300 _axliv, 179p.
365 _aINR
_b130
546 _aGifted by Prof. Anita Rampal
942 _cTEXL
_h510.7, CEN
999 _c1398813
_d1398813